banner koha

Morpho-physiological classification of seeds and morphology of fruits and seedlings of Richeria grandis (Registro n. 337491)

MARC details
000 -LÍDER
fixed length control field 04610nab a2200301 i 4500
003 - CÓDIGO MARC DA AGÊNCIA CATALOGADORA
Campo de controle BR-BrBNA
005 - DATA E HORA DA ÚLTIMA ATUALIZAÇÃO
Campo de controle 20250806173625.0
008 - CAMPO DE TAMANHO FIXO
fixed length control field 250806b2020 bl.ar|pooa||| 00| 0 eng |
040 ## - FONTE DA CATALOGAÇÃO
Agência catalogadora BR-BrBNA
Idioma da catalogação eng
072 ## - CATEGORIA AGRIS
Código AGRIS F50
100 ## - ENTRADA PRINCIPAL - NOME PESSOAL
Nome pessoal Moura, Cristiane Coelho de
100 ## - ENTRADA PRINCIPAL - NOME PESSOAL
Nome pessoal Costa, Thaís Ribeiro
100 ## - ENTRADA PRINCIPAL - NOME PESSOAL
Nome pessoal Carvalho, Letícia Renata
100 ## - ENTRADA PRINCIPAL - NOME PESSOAL
Nome pessoal Titon, Miranda
100 ## - ENTRADA PRINCIPAL - NOME PESSOAL
Nome pessoal Pereira, Israel Marinho
100 ## - ENTRADA PRINCIPAL - NOME PESSOAL
Nome pessoal Machado, Evandro Luiz Mendonça
245 ## - TÍTULO PRINCIPAL
Título principal Morpho-physiological classification of seeds and morphology of fruits and seedlings of Richeria grandis
500 ## - NOTA GERAL
Nota geral Publicação on-line; Bibliography p. 13-15 (67 ref.); 2 tables; 5 illus.; Summaries (En, Pt)
942 ## - ADDED ENTRY ELEMENTS (KOHA)
Koha item type Analítica
520 ## - NOTA DE RESUMO
Nota de conteúdo <br/><br/>Abstract<br/><br/>The objective was to describe and characterize the fruit morphology, seeds, seedlings and germination of Richeria<br/>grandis. Mature fruits were collected from matrix trees located in gallery forests. After, morphological descriptions<br/>were performed. Biometric measurement of fruits and seeds were carried out. A total of 650 seeds were randomly<br/>separated, with 20% being used for germination and humidity testing on the same day of collection and the others<br/>stored for 5, 10, 15 and 20 days. The germination test was performed in a gerbox, conducted in a laboratory<br/>chamber of the type B.O.D (biochemical oxygen demand) with a photoperiod of 12h and a temperature of 25 ºC<br/>± 1 ºC. Periodic observations were made to monitor the development of the seedlings until the first germinated<br/>seeds reached the full seedling stage. The fruit of R. grandis is a simple, dry, capsule type septifraga, dehiscent and<br/>schizocarpic, with average length of 16.24 mm and an average width of 8.57 mm. The seed is an ellipsoid shape,<br/>containing a sarcotesta and has an average length of 7.40 mm and an average width of 4.57 mm. R. grandis presents<br/>recalcitrant seeds, which emerge in a Phanero-epigene-foliaceous manner. The radicle breaks the integument on<br/>the second day after sowing, the collection is evidenced on the 10th day, separating the primary root from the<br/>hypocotyl. At day 16, the cotyledons expand from the forehead, positioned at a 90º angle to the hypocotyl. The<br/>protophyll and the epicotyl appear only after the 50th day, characterizing the complete seedling.<br/><br/>Key words: gallery forests, germination, in situ conservation, morphofunctional ecology, recalcitrant.<br/><br/><br/><br/><br/>Resumo<br/><br/>Objetivou-se descrever e caracterizar a morfologia de frutos, sementes, plântulas, e germinação de Richeria<br/>grandis. Frutos maduros foram coletados de árvores-matrizes localizadas em matas de galeria e, posteriormente,<br/>foram realizadas descrições morfológicas. Procedeu-se a mensuração biométrica dos frutos e sementes. Ainda,<br/>após beneficiamento, foram separados de forma aleatória, 650 sementes, em que 20% foram utilizadas para<br/>germinação e teste de umidade no mesmo dia da coleta e as outras, armazenadas durante 5, 10, 15 e 20 dias. O<br/>teste de germinação foi realizado em gerbox, feito em câmeras do tipo B.O.D. com um fotoperíodo de 12 h e<br/>temperatura de 25 ºC ± 1 ºC. Realizou-se observações periódicas para o acompanhamento do desenvolvimento<br/>das plântulas até que as primeiras sementes germinadas atingissem o estádio de plântula completa. O fruto da<br/>R. grandis é simples, seco, do tipo cápsula septífraga, deiscentes e esquizocarpos, com comprimento médio de<br/>16,24 mm e largura média de 8,57 mm. A semente é elipsoide com presença de sarcotesta, com comprimento<br/>médio de 7,40 mm e largura média de 4,57 mm. A R. grandis apresenta sementes recalcitrantes. A emergência<br/>é do tipo Fanero-epígeo-foliáceo. A radícula rompe o tegumento no segundo dia após a semeadura, o coleto é<br/>evidenciado ao 10o dia, separando a raiz primária do hipocótilo. A partir do 16o dia, os cotilédones expandem-se<br/>da testa, posicionados em um ângulo de 90º em relação ao hipocótilo. O protófilo e o epicótilo surgem somente<br/>após o 50o dia, caracterizando a plântula completa.<br/><br/>Palavras-chave: florestas de galeria, germinação, conservação in situ, ecologia morfofuncional, recalcitrante.
650 ## - ASSUNTO - THESAGRO
Cabeçalho tópico ou nome geográfico FLORESTA
650 ## - ASSUNTO - THESAGRO
Cabeçalho tópico ou nome geográfico GERMINAÇÃO
650 ## - ASSUNTO - THESAGRO
Cabeçalho tópico ou nome geográfico CONSERVAÇÃO
650 ## - ASSUNTO - THESAGRO
Cabeçalho tópico ou nome geográfico ECOLOGIA
773 0# - ENTRADA ANALÍTICA
Host Biblionumber 709
Registro do item 353216
Imprenta Rio de Janeiro-RJ Jardim Botanico do Rio de Janeiro 1935
Outro identificador 2025-4473
Título Rodriguésia (Brazil)
ISSN 0370-6583; 2175-7860 on-line
Colação v. 71 p. 1-15; (2020)
Número de controle de registro BR2025003256
856 ## - ACESSO E ENDEREÇO ELETRÔNICO
Identificador uniforme de recurso - URI https://www.scielo.br/j/rod/a/wQkjwqWhFtgymmmDqHxFr4r/?format=pdf&lang=en

Nenhum exemplar disponível.

BINAGRI

Telefone: (61)3218-2567/2388/3357/2097 - binagri@agro.gov.br

Ministério da Agricultura e Pecuária , Esplanada dos Ministérios, Bloco D, Anexo B, Brasília/DF, CEP: 70.043-900